000 01536cam a22004218i 4500
001 11674497
003 ASAB
005 20180827062645.0
006 m d
007 cr n
008 140602s2014 pau s 001 0 eng d
020 _a978-93-5129-324-8
035 _a(WaSeSS)ssj0001575318
040 _aDNLM/DLC
_cASAB
_erda
_dWaSeSS
050 4 _aRM301.14
060 1 0 _aQV 18.2
082 0 0 _a615.1076
_223
130 0 _aPharmacology (Whalen)
_91981
210 1 0 _aPharmacology /
245 1 0 _aPharmacology /
_c[edited by] Karen Whalen ; collaborating editors, Richard Finkel, Thomas A. Panavelil.
250 _aSixth edition.
263 _a1406
300 _a670 P.
490 1 _aLippincott's illustrated reviews
500 _aIncludes index.
500 _aPreceded by Pharmacology / Michelle A. Clark ... [et al.]. 5th ed. c2012.
506 _aLicense restrictions may limit access.
650 1 2 _aPharmacology
_vExamination Questions.
_91982
650 1 2 _aPharmacology
_vOutlines.
_91983
700 1 _aWhalen, Karen,
_eeditor.
_91984
700 1 _aFinkel, Richard
_q(Richard S.),
_eeditor.
_91985
700 1 _aPanavelil, Thomas A.,
_eeditor.
_91986
773 0 _tLWW Health Library - Premium Basic Science Collection
830 0 _aLippincott's illustrated reviews.
_91987
856 4 0 _uhttp://www.columbia.edu/cgi-bin/cul/resolve?clio11674497
_zFull text available from LWW Health Library - Premium Basic Science Collection
910 _aLibrary of Congress record
942 _2ddc
_cBK
999 _c480150
_d480150